000 04582nam a2200553 i 4500
001 959
003 gtuscu
005 20260319160016.0
007 ta
008 250812e2012 gt d|||| |||| 00| 0 spa d
020 _a9789929592063
040 _agtuscu
_bspa
_cgtuscu
_dgtuscu
_erda
082 0 4 _aCEUR 711 C581
245 1 _aLa ciudad :
_bantecedentes y nuevas perspectivas /
_ccompilador y editor Luis Rafael Valladares Vielman ; autora Gabriela de la Peña ; autora Marta Rizo ; autor Alfredo Rubio Díaz ; autora Susana Díaz Ruíz ; autor Julio Alguacil Gómez ; autores Paolo Groppo y Paolo Toselli ; autor Artemio Baigorri ; autores Jordi Borja y Manuel Castells ; autor Jordi Borja.
264 1 _aGuatemala :
_bUniversidad de San Carlos de Guatemala, Centro de Estudios Urbanos y Regionales,
_c2012.
300 _a371 páginas :
_bgráficas ;
_c21 cm
336 _2rdacontenido
_atexto
_btxt
337 _2rdamedio
_asin mediación
_bn
338 _2rdasoporte
_avolumen
_bnc
500 _aLa presente compilación, es un esfuerzo para apoyar a la docencia universitaria partiendo de la experiencia de los profesores del Centro de Estudios Urbanos y regionales CEUR. Sin embargo el uso del presente texto se puede ampliar a todos los interesados en el "ser" y "debe ser" de la "ciudad". Ha sido elaborada considentenado los temas debatidos en la academia sobre: el desarrollo y las perspectivas de la ciudad, en consonancia con los cambios profundos que se viven actualmente en este campo de estudios.
505 0 _gPresentación
505 0 _gIntroducción
505 0 _rGabriela de la Peña
_t1. Simmel y la Escuela de Chicago en torno a los espacios públicos en la ciudad --
505 0 _rMarta Rizo
_t2. Concepto para pensar lo urbano. el abordaje de la ciudad desde la identidad, El habitus y las representaciones sociales --
505 0 _rAlfredo Rubio Díaz
_t3. La ciudad actual como objeto de reflexión y análisis --
505 0 _rSusana Díaz Ruíz
_t4. La ciudad como espacio social de convivencia --
505 0 _rJulio Alguacil Gómez
_t5. Metrópoli versus ciudad --
505 0 _rPaolo Groppo y Paolo Toselli
_t6. Desde la ciudad al territorio: la nueva problemática periurbana --
505 0 _rArtemio Baigorri
_t7. Espacios naturales y ordenación del territorio --
505 0 _rArtemio Baigorri
_t8. Género y espacio. Segregación social vs. Segregación espacial --
505 0 _rAxel Borsdorf
_t9. Hacia la ciudad fragmentada. Tempranas estructuras segregadas en la ciudad Latinoamericana --
505 0 _rJordi Borja y Manuel Castells
_t10. La ciudad multicultural --
505 0 _rJordi Borja
_t11. Para reconstruir un discurso ético sobre la ciudad. Entrevista a Jordi Borja.
520 3 _a"...una ciudad es siempre una ciudad", al margen de su situación en el tiempo y en el espacio. Lo que no quiere decir en absoluto que todas las ciudades se parezcan. Pero, por encima de rasgos muy diversos, originales, hablan todas obligatoriamente un mismo lenguaje fundamental, el diálogo ininterrumpido con los campos, primera necesidad de la vida cotidiana; el abastecimiento de hombres, tan indispensable como el agua para la rueda del molino; la actitud distante de las ciudades, su voluntad de distinguirse de las demás; su situación obligatoria en el centro de redes de comunicaciones más o menos lejanas; su articulación respecto a sus arrabales y a las demás ciudades. Pues una ciudad jamás se presenta sin el acompañamiento de otras ciudades. Unas ocupan un lugar preeminente, otras cumplen una función de siervas o incluso de esclavas, pero todas están íntimamente relacionadas, forman una jerarquía, tanto en Europa como en China, o en cualquier parte."Fernand Braudel, Civilización material, economía y capitalismo, siglos XV-XVIII, tomo 1 – Las estructuras de lo cotidiano: lo posible y lo imposible (Madrid: Alianza, 1984), p. 420.
650 1 4 _2LEMB
_aUrbanismo
650 1 4 _2LEMB
_aEspacio urbano
650 1 4 _2LEMB
_aUrbanismo
_zLatinoamérica
650 1 4 _2LEMB
_aordenamiento territorial
650 1 4 _2LEMB
_aUrbanismo
_vmulticultural
700 1 _aValladares Vielman, Luis Rafael
_d1970- ;
_ecompilador y editor
_91
700 1 _aRizo, Marta
_eautora
700 1 _aRubio Díaz, Alfredo
_eautor
700 1 _aDíaz Ruíz, Susana
_eautora
700 1 _aAlguacil Gómez, Julio
_eautor
700 1 _aGroppo, Paolo y Toselli, Paolo
_eautores
700 1 _aBaigorri, Artemio
_eautor
700 1 _aBorja, Jordi y Castells, Manuel
_eautores
942 _2ddc
_cBK
_hCEUR 711 C581
_n0
999 _c959
_d959